Annuaire français de droit international 2006. (Record no. 3112)

MARC details
000 -LEADER
fixed length control field 00932cam a2200289Mi 4500
001 - CONTROL NUMBER
control field ocn186972973
003 - CONTROL NUMBER IDENTIFIER
control field TZ-ArACH
005 - DATE AND TIME OF LATEST TRANSACTION
control field 20150420125353.0
008 - FIXED-LENGTH DATA ELEMENTS--GENERAL INFORMATION
fixed length control field 071129s2007 fr 000 0 fre d
020 ## - INTERNATIONAL STANDARD BOOK NUMBER
International Standard Book Number 9782271065513
020 ## - INTERNATIONAL STANDARD BOOK NUMBER
International Standard Book Number 2271065518
035 ## - SYSTEM CONTROL NUMBER
System control number (OCoLC)186972973
040 ## - CATALOGING SOURCE
Original cataloging agency TZT
Language of cataloging eng
Transcribing agency TZ-ArACH
Modifying agency OCLCQ
041 ## - LANGUAGE CODE
Language code of text/sound track or separate title Fre
049 ## - LOCAL HOLDINGS (OCLC)
Holding library TZAA
050 ## - LIBRARY OF CONGRESS CALL NUMBER
Classification number KZ21
Item number .A55 2006
072 #7 - SUBJECT CATEGORY CODE
Subject category code K
Source lcco
082 14 - DEWEY DECIMAL CLASSIFICATION NUMBER
Classification number 341
Edition number 1
245 00 - TITLE STATEMENT
Title Annuaire français de droit international 2006.
Number of part/section of a work LII,
Name of part/section of a work 2006 /
Statement of responsibility, etc [contributions de G. Distefano, O. de Schutter, A. Vandepoorter and others].
260 ## - PUBLICATION, DISTRIBUTION, ETC. (IMPRINT)
Place of publication, distribution, etc Paris :
Name of publisher, distributor, etc CNRS,
Date of publication, distribution, etc 2007.
300 ## - PHYSICAL DESCRIPTION
Extent 1036 pages
650 ## - SUBJECT ADDED ENTRY--TOPICAL TERM
Source of heading or term Droit International
9 (RLIN) 16109
650 ## - SUBJECT ADDED ENTRY--TOPICAL TERM
Source of heading or term International law
9 (RLIN) 16110
653 ## - INDEX TERM--UNCONTROLLED
Uncontrolled term International law
-- Yearly
942 ## - ADDED ENTRY ELEMENTS (KOHA)
Source of classification or shelving scheme Library of Congress Classification
Koha item type Books
Holdings
Home library Current library Shelving location Date acquired Full call number Barcode Koha item type
African Court on Human and Peoples' Rights Library African Court on Human and Peoples' Rights Library   20/04/2015 KZ21 .A55 2006 10234306 Books

African Court on Human and Peoples' Rights | For Inquiries Contact » +255 272 510 510